000 00312nam a22001457a 4500
008 210429b ||||| |||| 00| 0 eng d
020 _a9780226944708
041 _aeng
080 _a32
082 _a32
100 _a19
101 _aSHP
245 _aLiberalism without Illusions
_cYack,B
942 _2udc
_cBK
999 _c57026
_d57026